[Event "2013 Blitz Round Robin"]
[Site "SchemingMind.com"]
[Date "2013.01.30"]
[Round "-"]
[White "SAMAEL"]
[Black "NAZRIZ1977"]
[Result "0-1"]
[WhiteCountry "CAN"]
[BlackCountry "WLS"]
[WhiteElo "1717"]
[WhiteRD "52"]
[BlackElo "1675"]
[BlackRD "62"]
[GameID "325869"]

1. e4 d6 2. Nf3 e5 3. Be2 Nf6 4. Nc3 Nbd7 5. d3 h6 6. O-O Be7 7. h3 Nf8 8. Be3 g5 9. Nh2 Ng6 10. Ng4 Nf4
11. Nxf6+ Bxf6 12. Bg4 Bxg4 13. Qxg4 h5 14. Qd1 Qd7 15. Bxf4 gxf4 16. Nd5 Bg7 17. c4 O-O-O 18. b4 Rdg8 19. a4 Bf8 20. Kh1 Rg6
21. Rg1 Rhg8 22. Qc2 Rxg2 23. Rxg2 Qxh3+
0-1

[Event "2013 Blitz Round Robin"]
[Site "SchemingMind.com"]
[Date "2013.01.30"]
[Round "-"]
[White "NAZRIZ1977"]
[Black "SAMAEL"]
[Result "0-1"]
[WhiteCountry "WLS"]
[BlackCountry "CAN"]
[WhiteElo "1675"]
[WhiteRD "62"]
[BlackElo "1717"]
[BlackRD "52"]
[GameID "325870"]

1. c4 e5 2. g3 Nf6 3. Bg2 Nc6 4. Nc3 d6 5. e3 Be7 6. Nge2 O-O 7. O-O Rb8 8. h3 Bd7 9. b3 a6 10. Bb2 Re8
11. f4 h6 12. g4 Nh7 13. Ng3 Bf8 14. a3 Kh8 15. Qc2 Na7 16. fxe5 dxe5 17. Rxf7 Nf6 18. Qg6 Be6 19. Rxf6 Qxf6 20. Qxf6 gxf6
21. Nce4 Bg7 22. Rf1 b6 23. Nh5 Rf8 24. Nexf6 Rbd8
0-1

[Event "2013 Blitz Round Robin"]
[Site "SchemingMind.com"]
[Date "2013.01.27"]
[Round "-"]
[White "Phillip Beckett"]
[Black "NAZRIZ1977"]
[Result "0-1"]
[WhiteCountry "ENG"]
[BlackCountry "WLS"]
[WhiteElo "1555"]
[WhiteRD "48"]
[BlackElo "1675"]
[BlackRD "62"]
[GameID "325972"]

1. e4 d6 2. d4 Nf6 3. Nc3 e5 4. dxe5 dxe5 5. Qxd8+ Kxd8 6. Nf3 Bd6 7. Bg5 Be6 8. O-O-O Nd7 9. Nb5 Ke7 10. Nxd6 cxd6
11. Bb5 Nc5 12. Rhe1 a6 13. a3 axb5 14. Nd2 h6 15. Be3 Ncxe4 16. Nxe4 Nxe4 17. Bb6 Ra6 18. Be3 b4 19. a4 Rxa4 20. b3 Ra1+
21. Kb2 Rxd1 22. Rxd1 Nc3 23. Rd3 Ra8
0-1

[Event "2013 Blitz Round Robin"]
[Site "SchemingMind.com"]
[Date "2013.02.01"]
[Round "-"]
[White "Phillip Beckett"]
[Black "SAMAEL"]
[Result "1-0"]
[WhiteCountry "ENG"]
[BlackCountry "CAN"]
[WhiteElo "1555"]
[WhiteRD "48"]
[BlackElo "1717"]
[BlackRD "52"]
[GameID "325973"]

1. e4 e5 2. Nf3 Nc6 3. d4 exd4 4. Nxd4 d6 5. Bb5 Bd7 6. Nxc6 Bxc6 7. Qd5 Qd7 8. Bxc6 Qxc6 9. Qxc6+ bxc6 10. O-O Nf6
11. f3 Be7 12. Bg5 h6 13. Be3 c5 14. Nc3 O-O 15. Rad1 Rab8 16. b3 Rfe8 17. Nd5 Nxd5 18. Rxd5 Bf6 19. Rfd1 Re5 20. Bf4 Rxd5
21. Rxd5 Re8 22. Kf2 Be5 23. Bxe5 Rxe5 24. Rxe5 dxe5 25. Ke3 Kf8 26. Kd3 Ke7 27. Kc4 Kd6 28. Kb5 c6+ 29. Ka6 c4 30. Kxa7 cxb3
31. axb3 Kc5 32. c3 Kb5 33. Kb7 g6 34. Kc7 Kc5 35. Kd7 f5 36. Ke6 fxe4 37. fxe4
1-0

[Event "2013 Blitz Round Robin"]
[Site "SchemingMind.com"]
[Date "2013.01.27"]
[Round "-"]
[White "NAZRIZ1977"]
[Black "Phillip Beckett"]
[Result "1-0"]
[WhiteCountry "WLS"]
[BlackCountry "ENG"]
[WhiteElo "1675"]
[WhiteRD "62"]
[BlackElo "1555"]
[BlackRD "48"]
[GameID "325974"]

1. c4 e5 2. g3 Nf6 3. Bg2 d5 4. cxd5 Nxd5 5. Nf3 Nc6 6. O-O Be6 7. d4 exd4 8. Nxd4 Nxd4 9. Qxd4 Nf6 10. Qxd8+ Rxd8
11. Bxb7 Bd6 12. Nc3 O-O 13. Bg2 Bc4 14. b3 Be5 15. bxc4 Bxc3 16. Rb1 Bd2 17. Rb7 Bxc1 18. Rxc1 Rd2 19. Rxa7 Rxe2 20. a4 Ne4
21. a5 Nxf2 22. a6 Nd3 23. Ra1 Nb4 24. Rxc7 Nxa6 25. Rxa6 Rb8 26. Ra8
1-0

[Event "2013 Blitz Round Robin"]
[Site "SchemingMind.com"]
[Date "2013.02.01"]
[Round "-"]
[White "SAMAEL"]
[Black "Phillip Beckett"]
[Result "1-0"]
[WhiteCountry "CAN"]
[BlackCountry "ENG"]
[WhiteElo "1713"]
[WhiteRD "45"]
[BlackElo "1550"]
[BlackRD "49"]
[GameID "325975"]

1. e4 e5 2. Nf3 Nc6 3. Be2 Nf6 4. Nc3 Be7 5. O-O d6 6. h3 h6 7. d3 O-O 8. Be3 Nh7 9. Nd5 Ng5 10. Nxg5 Bxg5
11. Bxg5 hxg5 12. c3 Ne7 13. Nxe7+ Qxe7 14. Bg4 Bxg4 15. Qxg4 Qf6 16. g3 g6 17. f3 Qe7 18. h4 gxh4 19. Qxh4 Qxh4 20. gxh4 Kg7
21. Kg2 Rh8 22. Kg3 Rh5 23. f4 exf4+ 24. Rxf4 Rah8 25. Raf1 Rf8 26. b4 f5 27. a4 Rhh8 28. exf5 gxf5 29. Rxf5 Rxf5 30. Rxf5 Kg6
31. Rf4 Re8 32. Kg4 Re3 33. Rf3 Re1 34. a5 Rg1+ 35. Rg3 Rc1 36. d4 Re1 37. Kf4+ Kf6 38. h5 Rf1+ 39. Ke4 Re1+ 40. Kd5 Rh1
41. Rg6+ Kf7 42. Kc4 Rxh5 43. Rg3 c6 44. Re3 b5+ 45. Kd3 Kf6 46. c4 a6 47. Kc3 Rf5= 48. Rd3 Rf1 49. cxb5 cxb5 50. Kc2 Rf2+
51. Kb3 Rf1 52. Rc3 Ke6 53. Rc6 Rb1+ 54. Ka3 Ra1+ 55. Kb2 Ra4 56. Kb3 Ra1 57. Rxa6 Rb1+ 58. Ka3 Ra1+ 59. Kb2 Ra4 60. Kb3 Ra1
61. Rb6 Rd1 62. Rxb5 Rxd4 63. a6 Rd1 64. a7
1-0

[Event "2013 Blitz Round Robin"]
[Site "SchemingMind.com"]
[Date "2013.02.02"]
[Round "-"]
[White "Jacek"]
[Black "Phillip Beckett"]
[Result "1-0"]
[WhiteCountry "POL"]
[BlackCountry "ENG"]
[WhiteElo "1780"]
[WhiteRD "70"]
[BlackElo "1555"]
[BlackRD "48"]
[GameID "326376"]

1. e4 e5 2. Bc4 Nf6 3. d4 exd4 4. Nf3 Nc6 5. O-O Bc5 6. e5 d5 7. Bb5 Ne4 8. Nxd4 Bd7 9. Nb3 Bb6 10. Qxd5 Bf5
11. Bxc6+ bxc6 12. Qxc6+ Ke7 13. Nc3 Nxc3 14. Bg5+ f6 15. Bxf6+
1-0

[Event "2013 Blitz Round Robin"]
[Site "SchemingMind.com"]
[Date "2013.02.02"]
[Round "-"]
[White "Jacek"]
[Black "NAZRIZ1977"]
[Result "1-0"]
[WhiteCountry "POL"]
[BlackCountry "WLS"]
[WhiteElo "1780"]
[WhiteRD "70"]
[BlackElo "1675"]
[BlackRD "62"]
[GameID "326377"]

1. e4 d6 2. d4 Nf6 3. Nc3 e5 4. Nf3 Nbd7 5. Bc4 h6 6. O-O Be7 7. Be3 c6 8. Qe2 Qc7 9. dxe5 dxe5 10. Rad1 Nf8
11. Nh4 g6 12. h3 Ne6 13. Bxe6 Bxe6 14. f4 exf4 15. Bxf4 Qb6+ 16. Be3 Qxb2 17. Bd4 g5 18. Nd5 Qxd4+ 19. Rxd4 cxd5 20. exd5 Bc5
21. Nf5 Nxd5 22. Qb5+
1-0

[Event "2013 Blitz Round Robin"]
[Site "SchemingMind.com"]
[Date "2013.02.07"]
[Round "-"]
[White "Jacek"]
[Black "SAMAEL"]
[Result "1-0"]
[WhiteCountry "POL"]
[BlackCountry "CAN"]
[WhiteElo "1780"]
[WhiteRD "70"]
[BlackElo "1717"]
[BlackRD "52"]
[GameID "326378"]

1. e4 e5 2. Bc4 Nf6 3. d4 h6 4. dxe5 Nh7 5. Nc3 Be7 6. f4 Nc6 7. Nf3 d6 8. O-O O-O 9. exd6 Bxd6 10. Be3 a6
11. Qe2 Qe7 12. e5 Bc5 13. Nd5 Bxe3+ 14. Qxe3 Qd8 15. Rad1
1-0

[Event "2013 Blitz Round Robin"]
[Site "SchemingMind.com"]
[Date "2013.02.03"]
[Round "-"]
[White "Phillip Beckett"]
[Black "Jacek"]
[Result "0-1"]
[WhiteCountry "ENG"]
[BlackCountry "POL"]
[WhiteElo "1555"]
[WhiteRD "48"]
[BlackElo "1780"]
[BlackRD "70"]
[GameID "326379"]

1. e4 c5 2. Nf3 e6 3. d4 cxd4 4. Nxd4 a6 5. Bd3 Bc5 6. Nb3 Be7 7. O-O d6 8. c3 Nf6 9. Bc2 Nc6 10. N1d2 O-O
11. Kh1 b5 12. f4 Bb7 13. Qe1 Qc7 14. Nf3 Rfe8 15. e5 dxe5 16. fxe5 Nd7 17. Qe4 g6 18. Qg4 Ncxe5 19. Nxe5 Nxe5 20. Qe2 Nc6
21. Qf2 Bd6 22. Nd4 Nxd4 23. Qxd4 Bxh2 24. Bh6 Bxg2+ 25. Kxg2 Qg3+ 26. Kh1 Qe5 27. Qxe5 Bxe5 28. Rad1 Rad8 29. Rxd8 Rxd8 30. Rd1 Rxd1+
31. Bxd1 f5 32. Bc1 Kf7 33. Bf3 Kf6 34. Bb7 a5 35. Ba6 b4 36. cxb4 axb4 37. b3 Bd6 38. Kg2 g5 39. Bc8 h5 40. Kf3 g4+
41. Kg2 h4 42. Bb2+ Be5 43. Bxe5+ Kxe5 44. Kh2 Kf6 45. Kg2 e5 46. Kf2 f4 47. Bxg4 e4 48. Ke2 Ke5 49. Bh5 h3 50. Kf2 f3
51. Bxf3 exf3 52. Kxf3 Kd4 53. Kg3 Kc3 54. a4 bxa3
0-1

[Event "2013 Blitz Round Robin"]
[Site "SchemingMind.com"]
[Date "2013.02.03"]
[Round "-"]
[White "NAZRIZ1977"]
[Black "Jacek"]
[Result "0-1"]
[WhiteCountry "WLS"]
[BlackCountry "POL"]
[WhiteElo "1590"]
[WhiteRD "64"]
[BlackElo "1815"]
[BlackRD "70"]
[GameID "326380"]

1. c4 e5 2. g3 f5 3. Bg2 Nf6 4. d4 exd4 5. Qxd4 Nc6 6. Qe3+ Be7 7. Nc3 O-O 8. Nh3 d5 9. Nxd5 Nxd5 10. cxd5 Bb4+
11. Bd2 Re8 12. Qd3 Ne5 13. Qc2 Bxd2+ 14. Qxd2 Qd6 15. O-O Bd7 16. Rfd1 Rad8 17. Rac1 Ba4 18. b3 Bb5 19. Nf4 g5 20. Ne6 Rxe6
21. Qa5 Qb6 22. Qxb6 Rxb6 23. Rxc7 Bxe2 24. Re1 Nf3+ 25. Bxf3 Bxf3 26. Ree7 Bxd5 27. Rg7+ Kf8 28. Rxg5 Be4 29. f3 Rd1+ 30. Kf2 Bb1
31. Rh5 h6 32. g4 Rd2+
0-1

[Event "2013 Blitz Round Robin"]
[Site "SchemingMind.com"]
[Date "2013.02.07"]
[Round "-"]
[White "SAMAEL"]
[Black "Jacek"]
[Result "0-1"]
[WhiteCountry "CAN"]
[BlackCountry "POL"]
[WhiteElo "1713"]
[WhiteRD "45"]
[BlackElo "1815"]
[BlackRD "70"]
[GameID "326381"]

1. d4 Nf6 2. Nf3 g6 3. c4 Bg7 4. Nc3 O-O 5. e3 d5 6. Bd2 a6 7. Be2 dxc4 8. Bxc4 b5 9. Be2 Bb7 10. a3 Nbd7
11. O-O c5 12. h3 Ne4 13. Rc1 c4 14. Nxe4 Bxe4 15. Nh2 e5 16. Bc3 exd4 17. Bxd4 Nf6 18. Ng4 Qe7 19. Bc3 Nxg4 20. Bxg4 Rfd8
21. Qe1 Bd3 22. Be2 Rd6 23. Bxg7 Kxg7 24. Rd1 Rad8 25. Qc3+ Qf6 26. Qxf6+ Kxf6 27. Rd2 a5 28. Rfd1 b4 29. axb4 axb4 30. Kf1 Bxe2+
31. Kxe2 Rxd2+ 32. Rxd2 Rxd2+ 33. Kxd2 Ke5 34. f3 f5 35. g3 h5 36. g4 fxg4 37. hxg4 hxg4 38. fxg4 g5 39. Kd1 Ke4 40. Ke2 c3
0-1

[Event "2013 Blitz Round Robin"]
[Site "SchemingMind.com"]
[Date "2013.02.03"]
[Round "-"]
[White "murgu"]
[Black "Jacek"]
[Result "1/2-1/2"]
[WhiteCountry "ROU"]
[BlackCountry "POL"]
[WhiteElo "1759"]
[WhiteRD "104"]
[BlackElo "1780"]
[BlackRD "70"]
[GameID "326446"]

1. Nf3 c5 2. c4 Nf6 3. Nc3 d5 4. d4 cxd4 5. Nxd5 Nxd5 6. cxd5 Qxd5 7. Qxd4 Qxd4 8. Nxd4 e5 9. Nb5 Na6 10. Bd2 Bd7
11. e4 Bc5 12. Rc1 Rc8 13. Bc4 O-O 14. Ke2 Nc7 15. Nxc7 Rxc7 16. Rhd1 Bc6 17. f3 Rd8 18. Bxf7+ Kxf7 19. Rxc5 Re7 20. Bg5 Rxd1
21. Kxd1 Re6 22. b3 Rd6+ 23. Ke2 Rg6 24. h4 h6 25. Bd2 Rxg2+ 26. Ke3 Rh2 27. Rxe5 Rxh4 28. Rf5+ Kg6= 29. Bc3 Rh2 30. a4=
1/2-1/2

[Event "2013 Blitz Round Robin"]
[Site "SchemingMind.com"]
[Date "2013.02.03"]
[Round "-"]
[White "murgu"]
[Black "Phillip Beckett"]
[Result "1-0"]
[WhiteCountry "ROU"]
[BlackCountry "ENG"]
[WhiteElo "1759"]
[WhiteRD "104"]
[BlackElo "1555"]
[BlackRD "48"]
[GameID "326447"]

1. Nf3 Nf6 2. c4 e6 3. d4 d5 4. Nc3 Be7 5. Bg5 h6 6. Bh4 O-O 7. e3 Ne4 8. Bxe7 Qxe7 9. Qc2 Nxc3 10. Qxc3 c6
11. Bd3 dxc4 12. Bxc4 Nd7 13. O-O Re8 14. Rfd1 e5 15. dxe5 Nxe5 16. Nxe5 Qxe5 17. Qxe5 Rxe5 18. Rd8+ Kh7 19. Bxf7 Re7 20. Bh5 Rd7
21. Re8 b6 22. Bg4 Rc7 23. Bf5+ g6 24. Be4 Bb7 25. Rxa8 Bxa8 26. Rd1 Bb7 27. Rd6 c5 28. Bxg6+ Kg7 29. Bh5 Ba6 30. g3 c4
31. e4 c3 32. bxc3 Rxc3 33. Rd7+ Kf6 34. f4 Rc1+ 35. Kf2 Rc2+ 36. Ke3 Rxa2 37. e5+ Kf5 38. g4+ Ke6 39. Rd6+ Ke7 40. Rxh6 Ra3+
41. Kf2 Ra2+ 42. Kg3 Ra3+ 43. Kh4 Bf1 44. Kg5 b5 45. Rh7+ Ke6 46. Bf7+
1-0

[Event "2013 Blitz Round Robin"]
[Site "SchemingMind.com"]
[Date "2013.02.03"]
[Round "-"]
[White "murgu"]
[Black "NAZRIZ1977"]
[Result "1-0"]
[WhiteCountry "ROU"]
[BlackCountry "WLS"]
[WhiteElo "1900"]
[WhiteRD "80"]
[BlackElo "1590"]
[BlackRD "64"]
[GameID "326448"]

1. Nf3 Nf6 2. c4 g6 3. Nc3 Bg7 4. e4 O-O 5. d4 d6 6. Be2 e5 7. O-O Na6 8. Re1 Bg4 9. d5 Nc5 10. Qc2 a5
11. Bg5 h6 12. Be3 b6 13. h3 Bxf3 14. Bxf3 Nfd7 15. a3 a4 16. Rad1 f5 17. Nb5 f4 18. Bd2 Nf6 19. Bc3 g5 20. Qe2 Qe7
21. Bb4 Kh7 22. Bxc5 bxc5 23. Rd3 Kg6 24. Bg4
1-0

[Event "2013 Blitz Round Robin"]
[Site "SchemingMind.com"]
[Date "2013.02.08"]
[Round "-"]
[White "murgu"]
[Black "SAMAEL"]
[Result "1-0"]
[WhiteCountry "ROU"]
[BlackCountry "CAN"]
[WhiteElo "1900"]
[WhiteRD "80"]
[BlackElo "1713"]
[BlackRD "45"]
[GameID "326449"]

1. Nf3 Nf6 2. c4 e6 3. d4 d5 4. Nc3 Be7 5. Bg5 h6 6. Bh4 Nc6 7. e3 O-O 8. Bd3 dxc4 9. Bxc4 Re8 10. O-O Nh7
11. Bg3 a6 12. Ne5 Nxe5 13. dxe5 b6 14. Qc2 Bb7 15. Rad1 Qc8 16. Be2 Rd8 17. f3 Rxd1 18. Rxd1 Qe8 19. Bd3 Nf8 20. Ne2 c6
21. Nc3 b5 22. Ne4 Rd8 23. Nd6 Bxd6 24. exd6 Kh8 25. a4 Nd7 26. Bh4 f6 27. Bg6 Qf8 28. Bg3 Nb6 29. axb5 cxb5 30. Qc7 Bxf3
31. gxf3 Nd5 32. Qa7 Ra8 33. Qb7 Qb8 34. Qxb8+ Rxb8 35. e4 Nb6 36. d7
1-0

[Event "2013 Blitz Round Robin"]
[Site "SchemingMind.com"]
[Date "2013.02.03"]
[Round "-"]
[White "Jacek"]
[Black "murgu"]
[Result "1/2-1/2"]
[WhiteCountry "POL"]
[BlackCountry "ROU"]
[WhiteElo "1780"]
[WhiteRD "70"]
[BlackElo "1759"]
[BlackRD "104"]
[GameID "326450"]

1. e4 c5 2. Nf3 Nc6 3. Bb5 g6 4. Nc3 Nf6 5. e5 Ng4 6. Qe2 Bg7 7. Bxc6 dxc6 8. h3 Nh6 9. d3 Nf5 10. g4 Nd4
11. Nxd4 cxd4 12. Ne4 Bxe5 13. Bh6 Rg8 14. O-O-O Be6 15. f4 Bg7 16. Bxg7 Rxg7 17. Rhf1 Bxa2 18. b3 a5 19. f5 gxf5 20. gxf5 a4
21. Rg1 Rxg1 22. Rxg1 Kd7 23. Nc5+ Kc7 24. f6 exf6 25. Rg7 Qe8 26. Qxe8 Rxe8 27. Rxf7+ Kd6 28. Nxa4 b5 29. Nb2=
1/2-1/2

[Event "2013 Blitz Round Robin"]
[Site "SchemingMind.com"]
[Date "2013.02.03"]
[Round "-"]
[White "Phillip Beckett"]
[Black "murgu"]
[Result "0-1"]
[WhiteCountry "ENG"]
[BlackCountry "ROU"]
[WhiteElo "1555"]
[WhiteRD "48"]
[BlackElo "1759"]
[BlackRD "104"]
[GameID "326451"]

1. e4 c5 2. Nf3 Nc6 3. d4 cxd4 4. Nxd4 g6 5. Nc3 Bg7 6. Be3 Nf6 7. f3 O-O 8. Qd2 d5 9. exd5 Nxd5 10. Nxd5 Qxd5
11. c3 Nxd4 12. Bxd4 Rd8 13. O-O-O Qxa2 14. Kc2 e5 15. Bd3 exd4 16. Ra1 Qd5 17. Rhe1 dxc3 18. bxc3 Bf5 19. Re3 Bxd3+
0-1

[Event "2013 Blitz Round Robin"]
[Site "SchemingMind.com"]
[Date "2013.02.03"]
[Round "-"]
[White "NAZRIZ1977"]
[Black "murgu"]
[Result "0-1"]
[WhiteCountry "WLS"]
[BlackCountry "ROU"]
[WhiteElo "1675"]
[WhiteRD "62"]
[BlackElo "1759"]
[BlackRD "104"]
[GameID "326452"]

1. c4 c5 2. g3 g6 3. Bg2 Bg7 4. Nc3 Nf6 5. Nf3 Nc6 6. O-O O-O 7. a3 d5 8. cxd5 Nxd5 9. Qa4 Nxc3 10. bxc3 Qb6
11. Qh4 Bf5 12. Ra2 Rad8 13. Ng5 h6 14. Ne4 g5 15. Qh5 Ne5 16. Bf3 Bg6 17. Qh3 g4 18. Bxg4 Bxe4
0-1

[Event "2013 Blitz Round Robin"]
[Site "SchemingMind.com"]
[Date "2013.02.08"]
[Round "-"]
[White "SAMAEL"]
[Black "murgu"]
[Result "0-1"]
[WhiteCountry "CAN"]
[BlackCountry "ROU"]
[WhiteElo "1713"]
[WhiteRD "45"]
[BlackElo "1900"]
[BlackRD "80"]
[GameID "326453"]

1. e4 c5 2. Nf3 Nc6 3. Nc3 Nf6 4. Be2 g6 5. O-O Bg7 6. Re1 O-O 7. d3 e6 8. h3 d5 9. exd5 exd5 10. a3 Re8
11. Nh2 d4 12. Na2 Bd7 13. Ng4 Qb6 14. b3 Nxg4 15. Bxg4 Rxe1+ 16. Qxe1 Bxg4 17. hxg4 Qc7 18. Bg5 Ne5 19. f3 Re8 20. Qf2 b5
21. Re1 Qa5 22. Bd2 Qxa3 23. Nc1 Re6 24. Bf4 h6 25. Qd2 g5 26. Bxe5 Bxe5 27. Kf2 Bf4 28. Qd1 Rxe1 29. Qxe1 Qxc1
0-1

[Event "2013 Blitz Round Robin"]
[Site "SchemingMind.com"]
[Date "2013.02.04"]
[Round "-"]
[White "fouche"]
[Black "Jacek"]
[Result "0-1"]
[WhiteCountry "COL"]
[BlackCountry "POL"]
[WhiteElo "1605"]
[WhiteRD "66"]
[BlackElo "1780"]
[BlackRD "70"]
[GameID "326483"]

1. d4 Nf6 2. Nf3 g6 3. e3 d5 4. Bd3 Bg7 5. O-O O-O 6. Re1 Bg4 7. Nbd2 Nc6 8. c3 e5 9. dxe5 Nxe5 10. Be2 Bxf3
11. Nxf3 Nxf3+ 12. Bxf3 c6 13. e4 dxe4 14. Qxd8 Raxd8 15. Be2 Nd5 16. Bg5 f6 17. Bh4 g5 18. Bg3 f5 19. h4 f4 20. Bh2 h6
21. hxg5 hxg5 22. Bc4 Kh7 23. Rad1 e3 24. Bxd5 exf2+ 25. Kxf2 cxd5 26. Re7 Rb8 27. Rxd5 Kg6 28. Rdd7 Bf6 29. Re6 Rfd8 30. Rdd6 Rxd6
31. Rxd6 Kf5 32. g3 Be5 33. Rd5 Ke4 34. Rd7 f3 35. Re7 g4 36. Bg1 Kf5 37. Kf1 Bxg3 38. Bf2 Bxf2 39. Kxf2 Kf6 40. Kg3 Kxe7
0-1

[Event "2013 Blitz Round Robin"]
[Site "SchemingMind.com"]
[Date "2013.02.04"]
[Round "-"]
[White "fouche"]
[Black "Phillip Beckett"]
[Result "0-1"]
[WhiteCountry "COL"]
[BlackCountry "ENG"]
[WhiteElo "1576"]
[WhiteRD "64"]
[BlackElo "1550"]
[BlackRD "49"]
[GameID "326484"]

1. d4 d5 2. Nf3 Nf6 3. e3 e6 4. Bd3 c5 5. O-O Nc6 6. Re1 Bd6 7. a3 O-O 8. c4 dxc4 9. Bxc4 cxd4 10. exd4 Bd7
11. Bg5 Be7 12. Nc3 h6 13. Bh4 Na5 14. Ba2 Rc8 15. Rc1 Nc4 16. Rc2 Qb6 17. Bxc4 Rxc4 18. Bg3 Rfc8 19. Ne5 R4c7 20. Nxf7 Kxf7
21. Bxc7 Rxc7 22. h3 Bc6 23. d5 Bxd5 24. Kh1 Bb3 25. Ree2 Bxc2 26. Rxc2 Rd7 27. Qf3 Qc6 28. Qf4 Qd6 29. Qf3 Qd3 30. Qe2 Qxe2
31. Rxe2 Nd5 32. Ne4 Nf6 33. Ng3 Bd6 34. Rc2 Bxg3 35. fxg3 Ne4 36. Kh2 Ke7 37. g4 Rd2 38. Rc7+ Rd7 39. Rc4 Nd6 40. Rc2 Nf7
41. Kg3 Rd3+ 42. Kf2 Kd7 43. g3 Nd6 44. Re2 Nc4 45. Rc2 Rd2+ 46. Rxd2+ Nxd2 47. Ke2 Nc4 48. Kf2 Nxb2 49. Ke2 Nc4 50. a4 Nb6
51. a5 Nc4 52. a6 bxa6
0-1

[Event "2013 Blitz Round Robin"]
[Site "SchemingMind.com"]
[Date "2013.02.05"]
[Round "-"]
[White "fouche"]
[Black "NAZRIZ1977"]
[Result "1-0"]
[WhiteCountry "COL"]
[BlackCountry "WLS"]
[WhiteElo "1605"]
[WhiteRD "66"]
[BlackElo "1675"]
[BlackRD "62"]
[GameID "326485"]

1. d4 d6 2. c4 Nf6 3. Nc3 g6 4. Nf3 Bg7 5. e4 O-O 6. Bd3 Bg4 7. Be3 e5 8. d5 Nbd7 9. O-O a5 10. h3 Bxf3
11. Qxf3 Nc5 12. Rfd1 b6 13. Bxc5 bxc5 14. a3 Nd7 15. b4 axb4 16. axb4
1-0

[Event "2013 Blitz Round Robin"]
[Site "SchemingMind.com"]
[Date "2013.02.08"]
[Round "-"]
[White "fouche"]
[Black "SAMAEL"]
[Result "0-1"]
[WhiteCountry "COL"]
[BlackCountry "CAN"]
[WhiteElo "1576"]
[WhiteRD "64"]
[BlackElo "1713"]
[BlackRD "45"]
[GameID "326486"]

1. d4 d5 2. Nf3 e6 3. e3 Nf6 4. Bd3 c5 5. O-O c4 6. Be2 Be7 7. Nc3 a6 8. Re1 O-O 9. Bf1 Nc6 10. a3 b5
11. Be2 h6 12. Bf1 Bd7 13. e4 dxe4 14. Nxe4 Nxe4 15. c3 Ng5 16. Bxg5 Bxg5 17. Ne5 Nxe5 18. dxe5 Bc6 19. Qg4 Qc7 20. h4 Be7
21. Rad1 Rad8 22. f4 Rxd1 23. Rxd1 Rd8 24. Be2 Rxd1+ 25. Bxd1 Qd8 26. h5 Qd2 27. Be2 Qxb2 28. a4 Qxc3 29. axb5 axb5
0-1

[Event "2013 Blitz Round Robin"]
[Site "SchemingMind.com"]
[Date "2013.02.04"]
[Round "-"]
[White "fouche"]
[Black "murgu"]
[Result "0-1"]
[WhiteCountry "COL"]
[BlackCountry "ROU"]
[WhiteElo "1605"]
[WhiteRD "66"]
[BlackElo "1759"]
[BlackRD "104"]
[GameID "326487"]

1. e4 c5 2. Nf3 Nc6 3. d4 cxd4 4. Nxd4 g6 5. Nc3 Bg7 6. Be3 Nf6 7. Be2 O-O 8. O-O d5 9. Nxc6 bxc6 10. exd5 cxd5
11. Bd4 e6 12. Re1 Qa5 13. Qd3 Rb8 14. b3 Rb4 15. a3 Rxd4 16. Qxd4 Ne4 17. Qa4 Qxc3 18. Qxa7 Bd4
0-1

[Event "2013 Blitz Round Robin"]
[Site "SchemingMind.com"]
[Date "2013.02.04"]
[Round "-"]
[White "Jacek"]
[Black "fouche"]
[Result "1-0"]
[WhiteCountry "POL"]
[BlackCountry "COL"]
[WhiteElo "1815"]
[WhiteRD "70"]
[BlackElo "1576"]
[BlackRD "64"]
[GameID "326488"]

1. e4 e6 2. d4 d5 3. Nc3 dxe4 4. Nxe4 Nf6 5. Bd3 Be7 6. Nf3 O-O 7. Qe2 Nbd7 8. O-O Nxe4 9. Qxe4 Nf6 10. Qe2 b6
11. Bg5 Bb7 12. c3 Re8 13. Qc2 h6 14. Bxf6 Bxf6 15. Be4 Bxe4 16. Qxe4 Qd5 17. Rfe1 Rad8 18. Rad1 Be7 19. Qxd5 Rxd5 20. Ne5 c5
21. Nc6 cxd4 22. Nxd4 Bf6 23. Nf3 Red8 24. Rxd5 Rxd5 25. Kf1 Kf8 26. Re4 Ke7 27. Nd4 Bxd4 28. cxd4 Kd6 29. Ke2 f5 30. Rh4 a5
31. Kd3 e5 32. Kc3 exd4+ 33. Rxd4 Ke5 34. f4+ Kd6 35. a4 g5 36. g3 Kc6 37. fxg5 hxg5 38. h4 gxh4 39. gxh4 Rxd4 40. Kxd4 Kd6
41. h5 Ke6 42. h6 Kf6 43. h7 Kg7 44. h8=Q+ Kxh8 45. Ke5 f4 46. Kxf4 Kg7 47. Ke5 Kf7 48. Kd6 Kf6 49. Kc6 Ke6 50. Kxb6 Kd6
51. Kxa5 Kc7 52. b4 Kb7 53. Kb5
1-0

[Event "2013 Blitz Round Robin"]
[Site "SchemingMind.com"]
[Date "2013.02.04"]
[Round "-"]
[White "Phillip Beckett"]
[Black "fouche"]
[Result "1/2-1/2"]
[WhiteCountry "ENG"]
[BlackCountry "COL"]
[WhiteElo "1555"]
[WhiteRD "48"]
[BlackElo "1605"]
[BlackRD "66"]
[GameID "326489"]

1. e4 e6 2. d4 d5 3. Nd2 dxe4 4. Nxe4 Nf6 5. Bg5 Be7 6. Nxf6+ Bxf6 7. Bxf6 Qxf6 8. Nf3 O-O 9. Bd3 Nd7 10. c3 Qe7
11. O-O Nf6 12. Qc2 h6 13. Ne5 Bd7 14. Nxd7 Qxd7 15. Rad1 Rac8 16. Qb3 b6 17. Rfe1 Rfe8 18. Bc4 Qd6 19. g3 Re7 20. d5 e5
21. Ba6 Rd8 22. c4 Qc5 23. Qe3 Qxe3 24. Rxe3 c5 25. Bb5 Ne8 26. Rde1 f6 27. f4 Nd6 28. fxe5 fxe5 29. Rxe5 Rxe5 30. Rxe5 Kf7
31. Ba6 Re8 32. Rxe8 Nxe8 33. Kf2 Kf6 34. Ke3 Ke5 35. Bb5 Nd6 36. Ba6=
1/2-1/2

[Event "2013 Blitz Round Robin"]
[Site "SchemingMind.com"]
[Date "2013.02.06"]
[Round "-"]
[White "NAZRIZ1977"]
[Black "fouche"]
[Result "0-1"]
[WhiteCountry "WLS"]
[BlackCountry "COL"]
[WhiteElo "1675"]
[WhiteRD "62"]
[BlackElo "1605"]
[BlackRD "66"]
[GameID "326490"]

1. c4 Nf6 2. g3 c6 3. Bg2 g6 4. b3 Bg7 5. Bb2 O-O 6. Nf3 d5 7. O-O Be6 8. Nd4 Nbd7 9. Nc3 Nc5 10. d3 Bd7
11. cxd5 cxd5 12. Ba3 b6 13. Rc1 e5 14. Nf3 Bc6
0-1

[Event "2013 Blitz Round Robin"]
[Site "SchemingMind.com"]
[Date "2013.02.08"]
[Round "-"]
[White "SAMAEL"]
[Black "fouche"]
[Result "1-0"]
[WhiteCountry "CAN"]
[BlackCountry "COL"]
[WhiteElo "1713"]
[WhiteRD "45"]
[BlackElo "1576"]
[BlackRD "64"]
[GameID "326491"]

1. d4 Nf6 2. Nf3 e6 3. c4 d5 4. e3 Bb4+ 5. Bd2 Nc6 6. a3 Bxd2+ 7. Nbxd2 Bd7 8. Rc1 O-O 9. Be2 Ne7 10. O-O c6
11. h3 dxc4 12. Nxc4 Qc7 13. Nce5 Ned5 14. Nh2 Rac8 15. Nhg4 Be8 16. Nxf6+ Nxf6 17. Ng4 Nxg4 18. Bxg4 Rd8 19. Qc2 Bd7 20. Be2 e5
21. dxe5 Qxe5 22. Kh1 Bf5 23. Qc3 Qxc3 24. Rxc3 Rd2 25. Bf3 Rxb2 26. Rd1 Rxf2 27. Kg1 Rb2 28. Kf1 Re8 29. e4 Bg6 30. Rcd3 h6
31. Rd8 Kf8 32. R1d3 f6 33. Rxe8+ Kxe8 34. Ke1 Ke7 35. Kd1 Be8 36. Kc1 Bd7 37. Kxb2
1-0

[Event "2013 Blitz Round Robin"]
[Site "SchemingMind.com"]
[Date "2013.02.04"]
[Round "-"]
[White "murgu"]
[Black "fouche"]
[Result "1-0"]
[WhiteCountry "ROU"]
[BlackCountry "COL"]
[WhiteElo "1759"]
[WhiteRD "104"]
[BlackElo "1605"]
[BlackRD "66"]
[GameID "326492"]

1. Nf3 c5 2. c4 Nc6 3. Nc3 d6 4. d4 cxd4 5. Nxd4 Bd7 6. g3 Nf6 7. Bg2 g6 8. O-O Bg7 9. Nxc6 bxc6 10. Bg5 O-O
11. Qd2 a6 12. Rad1 Rb8 13. b3 Qc8 14. Rfe1 Bh3 15. Bh1 Qb7 16. e4 Rfd8 17. Bg2 Bxg2 18. Kxg2 d5 19. cxd5 cxd5 20. Bxf6 Bxf6
21. Nxd5 Bg7 22. Qg5 f6 23. Qf4 Kf7 24. Rc1 Rbc8 25. Red1 Rxc1 26. Rxc1 a5 27. Rc7
1-0